000
00299nam a2200121Ia 4500
008
220216s9999 xx 000 0 und d
100
_a
Deepa Sukumar
245
0
_a
Theneecha valarthalinu horticorpinte kaithangu
260
_b
Rubber
_c
2021
300
_a
27-28
650
_a
Bee keeping
942
_c
JS
999
_c
71177
_d
71177